000 00474nmm a2200169Ia 4500
008 251105s9999||||xx |||||||||||||||||und||
020 _a9788477372202
041 _aspa
100 _aSan Juan, Víctor
245 0 _aPiratas de todos los tiempos
264 _a[Madrid, España] :
_bSílex Ediciones,
_c2009
300 _a296 páginas
490 _aSerie Historia
650 _aHistory (General)
856 _uhttps://public.digitaliapublishing.com/a/1361
942 _cCF
999 _c85370
_d85370